| 000 | 00674nam a2200217Ia 4500 | ||
|---|---|---|---|
| 003 | OSt | ||
| 005 | 20220918230838.0 | ||
| 006 | a|||||r|||| 00| 0 | ||
| 007 | ta | ||
| 008 | 220917b |||||||| |||| 00| 0 eng d | ||
| 024 | _a260,481 | ||
| 037 | _cTextual | ||
| 040 |
_aARTS _cARTS _beng |
||
| 041 |
_2eng _aeng |
||
| 082 | _aV2N5:1941((Z,252), K11 | ||
| 100 |
_aSinha Satyanarayan _9153348 |
||
| 245 | 0 |
_aChinese aggression _b first hand account form central-Asia Tibet and the high Himalayas |
|
| 260 |
_aNew Delhi _bRama Krishna and Co. _c1961 |
||
| 942 |
_hV2N5:1941((Z,252), K11 _cTEXL _2CC |
||
| 999 |
_c289098 _d289098 |
||